| 000 | 00605nam a2200229 a 4500 | ||
|---|---|---|---|
| 999 |
_c5020 _d5020 |
||
| 001 | 5020 | ||
| 003 | BD-JhCC | ||
| 005 | 20180305132310.0 | ||
| 008 | 171207s19091954e |||| || | 001 0 eng d | ||
| 035 | _a(BD-JhCC)5020 | ||
| 040 |
_aBD-JhCC _dBD-JhCC |
||
| 041 | _aeng | ||
| 082 |
_a423.13 _bMCM 1968 |
||
| 100 | _aMcMordie, W. | ||
| 245 |
_aEnglish Idioms and How to Use Them / _cW. McMordie, |
||
| 260 |
_aLondon : _bOxford University Press, _c1968. |
||
| 300 |
_a350 p. : _c18 cm. |
||
| 650 |
_aEnglish Language _xIdioms |
||
| 700 | _aGoffin, R. C. (Revised) | ||
| 942 |
_2ddc _cBK |
||